| 000 | 01480cam a22003374a 4500 | ||
|---|---|---|---|
| 001 | 12329856 | ||
| 003 | NUST-PNEC | ||
| 005 | 20170116180709.0 | ||
| 008 | 010228s2001 caua bf 001 0 eng | ||
| 010 | _a 2001088196 | ||
| 020 | _a012471370X | ||
| 040 |
_aDLC _cPNEC _dDLC |
||
| 042 | _apcc | ||
| 050 | 0 | 0 |
_aTJ151 _b.M3953 2001 |
| 082 | 0 | 0 | _a621.3 MAR |
| 100 |
_9472 _aMarghitu Dan B. |
||
| 245 | 0 | 0 |
_aMechanical engineer's handbook / _cedited by Dan B. Marghitu. |
| 260 |
_aSan Diego, CA : _bAcademic Press, _c2001. |
||
| 300 |
_axv, 864 p. : _bill. ; _c26 cm. |
||
| 440 | 0 | _aAcademic Press series in engineering | |
| 500 | _ahttp://www.amazon.com/Mechanical-Engineers-Handbook-Engineering-Marghitu/dp/012471370X/ref=sr_1_2?s=books&ie=UTF8&qid=1412161654&sr=1-2&keywords=012471370x | ||
| 504 | _aIncludes bibliographical references and index. | ||
| 650 | 0 |
_aMechanical engineering _xHandbooks, manuals, etc. - ME |
|
| 700 | 1 | _aMarghitu, Dan B. | |
| 856 | 4 | 2 |
_3Publisher description _uhttp://www.loc.gov/catdir/description/els031/2001088196.html |
| 856 | 4 | 1 |
_3Table of contents _uhttp://www.loc.gov/catdir/toc/els031/2001088196.html |
| 856 | 4 | 2 |
_3Book review (E-STREAMS) _uhttp://www.e-streams.com/es0507/es0507_1981.htm |
| 906 |
_a7 _bcbc _corignew _d2 _eepcn _f20 _gy-gencatlg |
||
| 942 |
_2ddc _cBK |
||
| 999 |
_c60865 _d60865 |
||